000 00828nmc a2200301 a 4500
003 AR-X00000XY
005 20251128211934.0
008 047020s2006 ||||||||||||||000 | spa||
020 _a987-1217-13-7
040 _cAR-X00000XY
100 1 _aBaredes, Carla F.
245 1 0 _aTu cuerpo del 1 al 10
246 1 _aTu cuerpo del uno al diez
250 _a1ª ed.
260 _aBuenos Aires
_bIamiqué
_c2006
300 0 _a24 p.
_bil.
490 0 _aCiencia para contar
500 0 _aEjemplar autografiado por sus autoras
650 4 _aLIBROS PARA NINOS
650 4 _aCUERPO HUMANO
653 0 _aENSENANZA DE LAS CIENCIAS NATURALES
653 0 _aLITERATURA DIDACTICA
655 _aLITERATURA
700 1 _aLotersztain, Ileana
700 1 _aGrancharoff, Pablo
_efotógrafo
942 _cBK
998 _cna-calidad
999 _c21701
_d21701